00469cam a2200169ua 450000100040000000500170000400800390002104000090006008200120006924500570008125000090013826000370014730000260018465300230021065300430023370000230027677420260515113225.0110419n ii |||gr||||Z||||||eng cMAIN a320.4541 aInter governmental relations in India.cBy Amal Ray. a1st. aCalcutta.:bGauranga press.,966. aviii, 184 p.:c20 cm. aPolitical science. aInter governmental relations in India.1 aRay, Amal.,d1931,